[Event "VIE-ch (Women)"]
[Site "Vung Tau"]
[Date "2023.03.05"]
[Round "5"]
[White "Doan, Thi Van Anh"]
[Black "Nguyen, My Hanh An"]
[Result "1/2-1/2"]
[WhiteElo "1948"]
[BlackElo "1653"]
[PlyCount "67"]
[EventDate "2023.03.03"]
[EventType "swiss"]
[EventRounds "9"]
[EventCountry "VIE"]
[SourceTitle "EXT 2024"]
[Source "ChessBase"]
[SourceDate "2023.10.10"]
[SourceVersion "1"]
[SourceVersionDate "2023.10.10"]
[SourceQuality "1"]

1. d4 d5 2. Nf3 Nf6 3. g3 Bf5 4. Bg2 h6 5. 0-0 e6 6. c4 c6 7. Nc3 Be7 8. Bf4 0-0 9. h3 Nbd7 10. c5 b6 11. b4 Ne4 12. Qc1 Bf6 13. Nxe4 Bxe4 14. Rd1 Re8 15. Qc3 bxc5 16. bxc5 Bxf3 17. Bxf3 e5 18. Be3 exd4 19. Bxd4 Bxd4 20. Rxd4 Qf6 21. Rad1 Rab8 22. Qa3 Ne5 23. Bg2 Qe7 24. e4 dxe4 25. Rxe4 Qc7 26. Rd6 Re7 27. f4 Ng6 28. Rxc6 Qb7 29. Rxe7 Qxe7 30. Qc3 Qe2 31. Qf3 Qxa2 32. Rc7 Qa5 33. Rd7 Qxc5+ 34. Kh2 1/2-1/2

[Event "Hanoi op (Women)"]
[Site "Hanoi"]
[Date "2022.08.26"]
[Round "7"]
[White "Nguyen, Thien Ngan"]
[Black "Nguyen, My Hanh An"]
[Result "1/2-1/2"]
[WhiteElo "1916"]
[BlackElo "1596"]
[PlyCount "40"]
[EventDate "2022.08.20"]
[EventType "swiss"]
[EventRounds "9"]
[EventCountry "VIE"]
[SourceTitle "CBM 209 Extra"]
[Source "ChessBase"]
[SourceDate "2022.09.30"]
[SourceVersion "1"]
[SourceVersionDate "2022.09.30"]
[SourceQuality "1"]

1. e4 c5 2. Nf3 e6 3. d4 cxd4 4. Nxd4 Nf6 5. Nc3 d6 6. Bd3 a6 7. 0-0 Qc7 8. Kh1 Be7 9. f4 Nc6 10. Be3 Bd7 11. a4 0-0 12. Nb3 Rac8 13. a5 Nb4 14. Bb6 Qb8 15. Qe2 Nxd3 16. cxd3 Bc6 17. Nd4 Nd7 18. Nxc6 Rxc6 19. Bd4 Rfc8 20. f5 Nc5 1/2-1/2

[Event "Hanoi op (Women)"]
[Site "Hanoi"]
[Date "2022.08.24"]
[Round "5"]
[White "Nguyen, Xuan Nhi"]
[Black "Nguyen, My Hanh An"]
[Result "1/2-1/2"]
[WhiteElo "1813"]
[BlackElo "1596"]
[PlyCount "48"]
[EventDate "2022.08.20"]
[EventType "swiss"]
[EventRounds "9"]
[EventCountry "VIE"]
[SourceTitle "CBM 209 Extra"]
[Source "ChessBase"]
[SourceDate "2022.09.30"]
[SourceVersion "1"]
[SourceVersionDate "2022.09.30"]
[SourceQuality "1"]

1. d4 d5 2. Nf3 Nf6 3. g3 c6 4. Bg2 Bf5 5. 0-0 e6 6. c4 h6 7. Nc3 Nbd7 8. b3 Bd6 9. Bb2 0-0 10. Nd2 Be7 11. Re1 Rc8 12. e4 dxe4 13. Ndxe4 Nxe4 14. Nxe4 Nf6 15. Nc3 Rc7 16. Qe2 Rd7 17. d5 cxd5 18. cxd5 exd5 19. Nxd5 Nxd5 20. Bxd5 Rxd5 21. Qxe7 Qxe7 22. Rxe7 Rfd8 23. Rae1 R5d7 24. Rxd7 Rxd7 1/2-1/2

[Event "VIE-ch U17 Girls"]
[Site "Ho Chi Minh City"]
[Date "2022.07.16"]
[Round "8"]
[White "Nguyen, Thien Ngan"]
[Black "Nguyen, My Hanh An"]
[Result "1/2-1/2"]
[WhiteElo "2082"]
[BlackElo "2087"]
[PlyCount "66"]
[EventDate "2022.07.11"]
[EventType "swiss"]
[EventRounds "9"]
[EventCountry "VIE"]
[SourceTitle "EXT 2023"]
[Source "ChessBase"]
[SourceDate "2022.10.05"]
[SourceVersion "1"]
[SourceVersionDate "2022.10.05"]
[SourceQuality "1"]

1. e4 c5 2. Nf3 e6 3. d4 cxd4 4. Nxd4 Nf6 5. Nc3 d6 6. Be2 a6 7. a4 Qc7 8. 0-0 Nc6 9. Be3 Be7 10. f4 Bd7 11. Nb3 0-0 12. Kh1 Na5 13. Qe1 Nc4 14. Bc1 b5 15. Bf3 Bc6 16. Nd4 e5 17. Nxc6 Qxc6 18. Nd5 Nxd5 19. exd5 Qc7 20. b3 Bf6 21. axb5 e4 22. Ra4 exf3 23. Rxc4 fxg2+ 24. Kxg2 Qb7 25. bxa6 Qxd5+ 26. Qe4 Qb5 27. Qb7 Qf5 28. Qe4 Qb5 29. Qc6 Qf5 30. Qf3 Rxa6 31. Rd1 Ra2 32. Qd3 Qg4+ 33. Kh1 Re8 1/2-1/2

[Event "VIE-ch U17 Girls"]
[Site "Ho Chi Minh City"]
[Date "2022.07.15"]
[Round "7"]
[White "Nguyen, My Hanh An"]
[Black "Luong, Hoang Tu Linh"]
[Result "1/2-1/2"]
[WhiteElo "2087"]
[BlackElo "2088"]
[PlyCount "32"]
[EventDate "2022.07.11"]
[EventType "swiss"]
[EventRounds "9"]
[EventCountry "VIE"]
[SourceTitle "EXT 2023"]
[Source "ChessBase"]
[SourceDate "2022.10.05"]
[SourceVersion "1"]
[SourceVersionDate "2022.10.05"]
[SourceQuality "1"]

1. c4 Nf6 2. Nc3 e5 3. e3 Nc6 4. d4 exd4 5. exd4 d5 6. Nf3 Bg4 7. cxd5 Nxd5 8. Be2 Be7 9. 0-0 0-0 10. Ne5 Nxe5 11. Bxg4 Nxg4 12. Qxg4 Nxc3 13. bxc3 Qd5 14. Re1 Bf6 15. Bf4 Qc4 16. Qg3 c6 1/2-1/2

[Event "VIE-ch U17 Girls"]
[Site "Ho Chi Minh City"]
[Date "2022.07.14"]
[Round "6"]
[White "Ngo, Xuan Quynh"]
[Black "Nguyen, My Hanh An"]
[Result "0-1"]
[WhiteElo "2086"]
[BlackElo "2087"]
[PlyCount "96"]
[EventDate "2022.07.11"]
[EventType "swiss"]
[EventRounds "9"]
[EventCountry "VIE"]
[SourceTitle "EXT 2023"]
[Source "ChessBase"]
[SourceDate "2022.10.05"]
[SourceVersion "1"]
[SourceVersionDate "2022.10.05"]
[SourceQuality "1"]

1. e4 c5 2. Nf3 e6 3. d4 cxd4 4. Nxd4 a6 5. Nc3 b5 6. a3 Bb7 7. Be2 Qc7 8. Be3 Nf6 9. f3 Bc5 10. Bf2 0-0 11. 0-0 d5 12. exd5 Nxd5 13. Nxd5 Bxd5 14. Kh1 Rd8 15. Bd3 Bc4 16. b4 Bxd4 17. Bxd4 Bxd3 18. Qxd3 Nc6 19. c3 e5 20. Rac1 exd4 21. cxd4 Qd6 22. Qe4 Rac8 23. Rfe1 g6 24. h3 Nxd4 25. Rcd1 Qf6 26. Qb7 Nf5 27. Kg1 Rb8 28. Qc7 Rxd1 29. Rxd1 Qb6+ 30. Qxb6 Rxb6 31. Kf2 Rd6 32. Ra1 Rd2+ 33. Kg1 Ne3 34. g4 Rg2+ 35. Kh1 Rg3 36. a4 Rxh3+ 37. Kg1 Rxf3 38. axb5 axb5 39. Ra5 Rf4 40. Rxb5 Rxg4+ 41. Kf2 Nc2 42. Rb8+ Kg7 43. b5 Rb4 44. b6 Nd4 45. Ke3 Nc6 46. Rb7 Na5 47. Rb8 Rxb6 48. Rxb6 Nc4+ 0-1

[Event "VIE-ch U17 Girls"]
[Site "Hanoi"]
[Date "2022.06.15"]
[Round "7"]
[White "Luong, Hoang Tu Linh"]
[Black "Nguyen, My Hanh An"]
[Result "1/2-1/2"]
[WhiteElo "2083"]
[BlackElo "2087"]
[PlyCount "30"]
[EventDate "2022.06.11"]
[EventType "swiss"]
[EventRounds "7"]
[EventCountry "VIE"]
[SourceTitle "EXT 2023"]
[Source "ChessBase"]
[SourceDate "2022.10.05"]
[SourceVersion "1"]
[SourceVersionDate "2022.10.05"]
[SourceQuality "1"]

1. d4 d5 2. Nf3 Nf6 3. c4 e6 4. Nc3 c5 5. cxd5 exd5 6. Bg5 cxd4 7. Nxd4 Nc6 8. e3 Be7 9. Bb5 Bd7 10. 0-0 0-0 11. Rc1 Rc8 12. h3 h6 13. Bxf6 Bxf6 14. Bxc6 bxc6 15. Qc2 c5 1/2-1/2

[Event "VIE-ch U17 Girls"]
[Site "Hanoi"]
[Date "2022.06.14"]
[Round "5"]
[White "Nguyen, My Hanh An"]
[Black "Vu, Bui Thi Thanh Van"]
[Result "1/2-1/2"]
[WhiteElo "2087"]
[BlackElo "2071"]
[PlyCount "75"]
[EventDate "2022.06.11"]
[EventType "swiss"]
[EventRounds "7"]
[EventCountry "VIE"]
[SourceTitle "EXT 2023"]
[Source "ChessBase"]
[SourceDate "2022.10.05"]
[SourceVersion "1"]
[SourceVersionDate "2022.10.05"]
[SourceQuality "1"]

1. e4 e6 2. c4 d5 3. cxd5 exd5 4. exd5 Nf6 5. Bc4 Nbd7 6. Nc3 Nb6 7. Bb3 Be7 8. h3 0-0 9. Nf3 Nbxd5 10. 0-0 c6 11. d4 h6 12. Re1 Be6 13. Ne5 Bd6 14. Qf3 Qc7 15. Bd2 Rae8 16. Rad1 Re7 17. Ne4 Nxe4 18. Rxe4 Nf6 19. Rh4 Bxb3 20. axb3 Bxe5 21. dxe5 Nd5 22. Bxh6 f6 23. Rxd5 cxd5 24. Qxd5+ Rff7 25. e6 Rf8 26. Bxg7 Qc1+ 27. Kh2 Kxg7 28. Qh5 Rg8 29. f4 Kf8 30. Qh6+ Ke8 31. Qxf6 Qc2 32. Rg4 Rf8 33. Qe5 Qc8 34. Qh5+ Kd8 35. Qd5+ Ke8 36. Qh5+ Kd8 37. Qd5+ Ke8 38. Qh5+ 1/2-1/2

[Event "VIE-ch U17 Girls"]
[Site "Hanoi"]
[Date "2022.06.13"]
[Round "3"]
[White "Nguyen, My Hanh An"]
[Black "Nguyen, Thien Ngan"]
[Result "1-0"]
[WhiteElo "2087"]
[BlackElo "2082"]
[PlyCount "83"]
[EventDate "2022.06.11"]
[EventType "swiss"]
[EventRounds "7"]
[EventCountry "VIE"]
[SourceTitle "EXT 2023"]
[Source "ChessBase"]
[SourceDate "2022.10.05"]
[SourceVersion "1"]
[SourceVersionDate "2022.10.05"]
[SourceQuality "1"]

1. c4 Nf6 2. Nc3 e6 3. e4 Bb4 4. e5 Bxc3 5. bxc3 Ng8 6. Qg4 g6 7. d4 d6 8. Bg5 f6 9. Bh4 Qe7 10. Bd3 Qg7 11. exd6 cxd6 12. Bg3 Nh6 13. Qe2 e5 14. c5 0-0 15. 0-0-0 Bf5 16. cxd6 exd4 17. Nf3 dxc3 18. Nd4 Bd7 19. Ne6 Bxe6 20. Qxe6+ Kh8 21. Bb5 Nf7 22. d7 Nd8 23. Qd6 a6 24. Bc4 Nbc6 25. Rhe1 Ne5 26. Rxe5 Nc6 27. Re3 Rad8 28. Qc5 c2 29. Rd2 h5 30. Bc7 Ra8 31. Bd6 Rfd8 32. Be7 Rdb8 33. Qd6 Nxe7 34. Rxe7 Qf8 35. Bf7 Kg7 36. Qe6 Rd8 37. Rd6 Kh7 38. Qxf6 Qh6+ 39. f4 Rf8 40. Be6+ Rf7 41. Rxf7+ Kg8 42. Re7# 1-0

[Event "Hanoi (Women) op 12"]
[Site "Hanoi"]
[Date "2022.??.??"]
[Round "4"]
[White "Bach, Ngoc Thuy Duong"]
[Black "Nguyen, My Hanh An"]
[Result "1-0"]
[WhiteElo "2164"]
[BlackElo "1596"]
[PlyCount "45"]
[EventDate "2022.12.11"]
[EventType "swiss"]
[EventRounds "9"]
[EventCountry "VIE"]
[SourceTitle "CBM 211 Extra"]
[Source "ChessBase"]
[SourceDate "2023.01.31"]
[SourceVersion "1"]
[SourceVersionDate "2023.01.31"]
[SourceQuality "1"]

1. d4 g6 2. c4 Bg7 3. e4 d6 4. Nc3 Nf6 5. Nf3 Nc6 6. Be2 0-0 7. 0-0 h6 8. Re1 e5 9. d5 Ne7 10. b4 Ne8 11. a4 f5 12. Nd2 fxe4 13. Ndxe4 Nf5 14. Bd3 Nf6 15. Ra2 Nxe4 16. Bxe4 Bf6 17. Bxf5 gxf5 18. Bxh6 Re8 19. Qh5 Qe7 20. Re3 Kh8 21. Rg3 f4 22. Bxf4+ Qh7 23. Qxe8+ 1-0

[Event "Hanoi (Women) op 12"]
[Site "Hanoi"]
[Date "2022.??.??"]
[Round "5"]
[White "Nguyen, My Hanh An"]
[Black "Le, Thai Hoang Anh"]
[Result "1/2-1/2"]
[WhiteElo "1596"]
[BlackElo "1204"]
[PlyCount "79"]
[EventDate "2022.12.11"]
[EventType "swiss"]
[EventRounds "9"]
[EventCountry "VIE"]
[SourceTitle "CBM 211 Extra"]
[Source "ChessBase"]
[SourceDate "2023.01.31"]
[SourceVersion "1"]
[SourceVersionDate "2023.01.31"]
[SourceQuality "1"]

1. c4 e5 2. Nc3 Nf6 3. e3 Nc6 4. d4 exd4 5. exd4 d5 6. Nf3 Be7 7. Bd3 0-0 8. 0-0 Bg4 9. cxd5 Nxd5 10. Be4 Nf6 11. Bxc6 bxc6 12. h3 Bxf3 13. Qxf3 Qxd4 14. Qxc6 Bd6 15. Nb5 Qe4 16. Qxe4 Nxe4 17. Nxd6 cxd6 18. Bf4 Rfd8 19. Rad1 d5 20. Rfe1 Nc5 21. Re5 Ne6 22. Bg5 Nxg5 23. Rxg5 d4 24. Rc5 Rd7 25. Kf1 d3 26. Rd2 g6 27. Rc3 Rad8 28. Rc6 Re7 29. g3 Kg7 30. a3 Kh6 31. Rc3 Red7 32. Kg2 f5 33. b4 Rd5 34. Rc7 a5 35. Kf3 axb4 36. axb4 Rd4 37. b5 Rb4 38. Rc5 Rb8 39. Rxd3 R8xb5 40. Rcc3 1/2-1/2

[Event "Eastern Asia-ch U16 Girls"]
[Site "Tornelo INT"]
[Date "2021.10.23"]
[Round "4"]
[White "Nguyen, My Hanh An"]
[Black "Ratnapriya, K."]
[Result "1/2-1/2"]
[WhiteElo "1513"]
[BlackElo "1587"]
[PlyCount "91"]
[EventDate "2021.10.22"]
[EventType "swiss"]
[EventRounds "9"]
[EventCountry "NET"]
[SourceTitle "EXT 2023"]
[Source "ChessBase"]
[SourceDate "2022.10.05"]
[SourceVersion "1"]
[SourceVersionDate "2022.10.05"]
[SourceQuality "1"]

1. e4 e5 2. Nf3 Nc6 3. Bb5 a6 4. Ba4 Nf6 5. c3 b5 6. Bb3 Be7 7. 0-0 0-0 8. Re1 d6 9. d4 Bg4 10. Bd5 Nxd5 11. exd5 Nb8 12. dxe5 dxe5 13. Rxe5 Nd7 14. Re3 Bc5 15. Re1 Nf6 16. Re5 Re8 17. Rxe8+ Qxe8 18. Bf4 Nxd5 19. Qxd5 Rd8 20. Qb3 Bxf3 21. Nd2 Bh5 22. Nf1 Qe2 23. Be3 Bxe3 24. Nxe3 Rd2 25. Rf1 Bg6 26. Qa3 h6 27. Qxa6 Be4 28. Qc8+ Kh7 29. Qg4 Qxg4 30. Nxg4 Rxb2 31. Ra1 Bd5 32. a3 Be6 33. Ne3 f5 34. g3 Kg6 35. a4 bxa4 36. Rxa4 Rb1+ 37. Kg2 Rb6 38. Kf3 Rc6 39. c4 Kf6 40. Ke2 g5 41. Kd3 Rd6+ 42. Kc3 h5 43. c5 Rd7 44. Rd4 Rxd4 45. Kxd4 c6 46. f4 1/2-1/2

[Event "Eastern Asia-ch U16 Girls"]
[Site "Tornelo INT"]
[Date "2021.10.22"]
[Round "1"]
[White "Amarathunga, Piyumi Uthpala"]
[Black "Nguyen, My Hanh An"]
[Result "0-1"]
[WhiteElo "1002"]
[BlackElo "1513"]
[PlyCount "124"]
[EventDate "2021.10.22"]
[EventType "swiss"]
[EventRounds "9"]
[EventCountry "NET"]
[SourceTitle "EXT 2023"]
[Source "ChessBase"]
[SourceDate "2022.10.05"]
[SourceVersion "1"]
[SourceVersionDate "2022.10.05"]
[SourceQuality "1"]

1. e4 c5 2. Nf3 d6 3. Bb5+ Bd7 4. Bxd7+ Qxd7 5. 0-0 Nf6 6. Re1 Nc6 7. c3 Ne5 8. d4 Nxf3+ 9. Qxf3 cxd4 10. cxd4 Rc8 11. Nc3 e5 12. dxe5 dxe5 13. Bg5 Be7 14. Rad1 Qe6 15. Bxf6 Bxf6 16. Nd5 Bd8 17. Rc1 Rc6 18. Red1 0-0 19. Qb3 Bg5 20. Rxc6 bxc6 21. Nb4 Qg6 22. Nxc6 Qxc6 23. f3 Qb6+ 24. Qxb6 axb6 25. Rd6 Rc8 26. h3 Kf8 27. Kh2 Bf4+ 28. Kg1 Rc1+ 29. Kf2 Rc2+ 30. Ke1 Rxb2 31. g4 Be3 32. Rd8+ Ke7 33. Ra8 Rh2 34. Ra3 Bc5 35. Ra7+ Ke6 36. a4 Rxh3 37. Ke2 Rh2+ 38. Kd3 Rf2 39. Ra6 Rxf3+ 40. Kc4 Re3 41. Kb5 Rxe4 42. a5 Rxg4 43. axb6 Bxb6 44. Rxb6+ Kf5 45. Rb7 f6 46. Rc7 h5 47. Rc1 h4 48. Kc5 g5 49. Kd5 Rd4+ 50. Kc5 g4 51. Rf1+ Kg5 52. Rg1 h3 53. Rf1 g3 54. Rg1 Kg4 55. Kb5 h2 56. Rh1 g2 57. Rxh2 g1Q 58. Ra2 Qb1+ 59. Rb2 Qxb2+ 60. Kc6 Qc3+ 61. Kb5 Rb4+ 62. Ka5 Qa3# 0-1

[Event "VIE Cup (Women)"]
[Site "Hanoi"]
[Date "2021.??.??"]
[Round "2"]
[White "Hoang, Thi Bao Tram"]
[Black "Nguyen, My Hanh An"]
[Result "1/2-1/2"]
[WhiteElo "2269"]
[BlackElo "1596"]
[PlyCount "30"]
[EventDate "2021.05.03"]
[EventType "swiss"]
[EventRounds "9"]
[EventCountry "VIE"]
[SourceTitle "EXT 2022"]
[Source "ChessBase"]
[SourceDate "2021.10.06"]
[SourceVersion "1"]
[SourceVersionDate "2021.10.06"]
[SourceQuality "1"]

1. Nf3 Nf6 2. c4 e6 3. g3 d5 4. Bg2 c5 5. 0-0 Nc6 6. d3 Be7 7. a3 0-0 8. Nc3 a6 9. h3 h6 10. cxd5 exd5 11. d4 Bf5 12. Be3 c4 13. Ne5 Re8 14. g4 Be4 15. Nxe4 Nxe4 1/2-1/2

[Event "VIE Cup (Women)"]
[Site "Hanoi"]
[Date "2021.??.??"]
[Round "1"]
[White "Nguyen, My Hanh An"]
[Black "Tran, Thi Kim Loan"]
[Result "1-0"]
[WhiteElo "1596"]
[BlackElo "2010"]
[PlyCount "87"]
[EventDate "2021.05.03"]
[EventType "swiss"]
[EventRounds "9"]
[EventCountry "VIE"]
[SourceTitle "EXT 2022"]
[Source "ChessBase"]
[SourceDate "2021.10.06"]
[SourceVersion "1"]
[SourceVersionDate "2021.10.06"]
[SourceQuality "1"]

1. e4 e5 2. Nf3 Nc6 3. Bb5 a6 4. Ba4 Nf6 5. c3 d6 6. d3 Bg4 7. Nbd2 Be7 8. h3 Bh5 9. Nf1 b5 10. Bb3 0-0 11. Ng3 Bg6 12. Nh4 d5 13. Nxg6 hxg6 14. exd5 Nxd5 15. Qf3 Nf4 16. Qxc6 Nxd3+ 17. Kf1 Bg5 18. Bxg5 Qxg5 19. Qf3 Rad8 20. Ne4 Qf5 21. Rb1 c5 22. Bc2 c4 23. Qe3 Nf4 24. g3 Nd5 25. Qe2 Qe6 26. Ng5 Qe7 27. Nf3 Rfe8 28. Re1 Qb7 29. Kg1 Re7 30. Kh2 Rde8 31. Be4 f5 32. Bxd5+ Qxd5 33. Rd1 Qc5 34. Nh4 Kf7 35. Rd2 e4 36. Qe3 Qe5 37. Rhd1 Qf6 38. Rd7 g5 39. R1d6 Rxd7 40. Rxd7+ Kg8 41. Ng2 Kh7 42. Qe2 Kg6 43. Qd2 Re6 44. h4 1-0

[Event "VIE-chT (Women)"]
[Site "Ho Chi Minh City"]
[Date "2019.09.29"]
[Round "6.11"]
[White "Luong, Huyen Ngoc"]
[Black "Nguyen, My Hanh An"]
[Result "0-1"]
[WhiteElo "1982"]
[BlackElo "1596"]
[PlyCount "68"]
[EventDate "2019.09.26"]
[EventType "swiss"]
[EventRounds "9"]
[EventCountry "VIE"]
[SourceTitle "EXT 2020"]
[Source "ChessBase"]
[SourceDate "2019.10.17"]
[SourceVersion "1"]
[SourceVersionDate "2019.10.17"]
[SourceQuality "1"]

1. e4 c5 2. Nf3 d6 3. d4 cxd4 4. Nxd4 Nf6 5. Nc3 a6 6. Be2 e6 7. Be3 Qc7 8. 0-0 b5 9. a3 Bb7 10. f3 Be7 11. g4 h6 12. Rf2 Nc6 13. Nxc6 Bxc6 14. Qd2 Rd8 15. Bf1 d5 16. e5 d4 17. Bxd4 Bc5 18. Ne2 Qxe5 19. c3 0-0 20. Qc2 Bxd4 21. Nxd4 Bb7 22. Bg2 Qc7 23. Re1 Nd5 24. Ne2 Qc4 25. Ng3 Nf4 26. Bf1 Qc5 27. Ne4 Qc7 28. Rd2 Rxd2 29. Qxd2 Rd8 30. Qe3 Bxe4 31. fxe4 e5 32. Be2 Qd7 33. Rd1 Nxe2+ 34. Qxe2 Qxd1+ 0-1

[Event "VIE-chT (Women)"]
[Site "Ho Chi Minh City"]
[Date "2019.09.28"]
[Round "4.4"]
[White "Bach, Ngoc Thuy Duong"]
[Black "Nguyen, My Hanh An"]
[Result "1-0"]
[WhiteElo "2154"]
[BlackElo "1596"]
[PlyCount "109"]
[EventDate "2019.09.26"]
[EventType "swiss"]
[EventRounds "9"]
[EventCountry "VIE"]
[SourceTitle "EXT 2020"]
[Source "ChessBase"]
[SourceDate "2019.10.17"]
[SourceVersion "1"]
[SourceVersionDate "2019.10.17"]
[SourceQuality "1"]

1. d4 Nf6 2. c4 e6 3. Nc3 d5 4. cxd5 exd5 5. Bg5 Nbd7 6. e3 Be7 7. Bd3 c6 8. Qc2 h6 9. Bh4 Nh5 10. Bxe7 Qxe7 11. Nf3 Nf4 12. 0-0 Nxd3 13. Qxd3 0-0 14. Rae1 Nf6 15. Ne5 Ng4 16. Nxg4 Bxg4 17. f3 Bh5 18. Ne2 Bg6 19. Qc3 Rfe8 20. Nf4 Qd6 21. b4 Bf5 22. Nh5 Bg6 23. Nf4 Bf5 24. a4 Rac8 25. Ne2 b6 26. Rc1 Qe7 27. Ng3 Qg5 28. Rce1 Qg6 29. Rf2 Re7 30. Nxf5 Qxf5 31. a5 Qd7 32. e4 Rce8 33. e5 Rc8 34. f4 Qf5 35. Rc1 Rec7 36. axb6 axb6 37. Qf3 Qd7 38. Rfc2 Qe7 39. Qb3 Qe6 40. Qd3 Qe7 41. Qa3 Qd7 42. Qa6 b5 43. Qa3 Ra7 44. Qc3 Ra4 45. Qd2 Qe7 46. Rc5 Rca8 47. h3 Ra2 48. R1c2 Ra1+ 49. Kh2 Rb1 50. Rxc6 Qxb4 51. Rc8+ Rxc8 52. Rxc8+ Kh7 53. Qc2+ g6 54. Qc7 Kg7 55. e6 1-0

[Event "VIE-chT (Women)"]
[Site "Ho Chi Minh City"]
[Date "2019.09.27"]
[Round "3.7"]
[White "Nguyen, My Hanh An"]
[Black "Nguyen, Thi Thu Quyen"]
[Result "1-0"]
[WhiteElo "1596"]
[BlackElo "2017"]
[PlyCount "75"]
[EventDate "2019.09.26"]
[EventType "swiss"]
[EventRounds "9"]
[EventCountry "VIE"]
[SourceTitle "EXT 2020"]
[Source "ChessBase"]
[SourceDate "2019.10.17"]
[SourceVersion "1"]
[SourceVersionDate "2019.10.17"]
[SourceQuality "1"]

1. e4 e6 2. d4 d5 3. exd5 exd5 4. Bd3 Bd6 5. h3 c6 6. c3 Ne7 7. Qc2 h6 8. Nf3 Qc7 9. Nbd2 Be6 10. Nf1 Nd7 11. Ne3 Nf6 12. Bd2 Nh5 13. Nf5 Nxf5 14. Bxf5 Qd7 15. Bd3 Nf4 16. Bxf4 Bxf4 17. Ne5 Qe7 18. Nf3 0-0-0 19. Bf5 Qd7 20. Bxe6 Qxe6+ 21. Qe2 Qg6 22. 0-0 Rhe8 23. Qd1 a6 24. b4 Re6 25. a4 Kd7 26. b5 cxb5 27. axb5 Ke7 28. bxa6 bxa6 29. Re1 Kf8 30. Rxe6 Qxe6 31. Qd3 Kg8 32. Rxa6 Qe4 33. Qd1 Rb8 34. Ra1 Rb2 35. Ne1 Bd2 36. Nf3 Bxc3 37. Ra8+ Kh7 38. Ng5+ 1-0

[Event "VIE-chT (Women)"]
[Site "Ho Chi Minh City"]
[Date "2017.07.29"]
[Round "9.34"]
[White "Ly, Nguyen Ngoc Tran"]
[Black "Nguyen, My Hanh An"]
[Result "0-1"]
[WhiteElo "1895"]
[BlackElo "1507"]
[PlyCount "90"]
[EventDate "2017.07.24"]
[EventType "team-swiss"]
[EventRounds "9"]
[EventCountry "VIE"]
[SourceTitle "EXT 2019"]
[Source "ChessBase"]
[SourceDate "2018.10.10"]
[SourceVersion "1"]
[SourceVersionDate "2018.10.10"]
[SourceQuality "1"]

1. e4 c5 2. Nf3 d6 3. d4 cxd4 4. Nxd4 Nf6 5. Nc3 a6 6. Be2 e6 7. Be3 Qc7 8. 0-0 b5 9. a3 Bb7 10. Bd3 Be7 11. f4 0-0 12. Qe2 Nc6 13. Rad1 Rac8 14. Nxc6 Bxc6 15. Qf3 d5 16. e5 d4 17. Qh3 g6 18. Bxd4 Nd5 19. Ne4 Rfd8 20. c3 Bb7 21. Nf6+ Nxf6 22. exf6 Rxd4 23. cxd4 Bxf6 24. Bb1 Qc4 25. Qd3 Qd5 26. Rf2 Rc4 27. Rfd2 Rxd4 28. Qe3 Qxg2+ 29. Rxg2 Rxd1+ 30. Kf2 Bd4 31. Qxd4 Rxd4 32. Rg4 Rd2+ 33. Kg3 Rg2+ 34. Kh3 Rxb2 35. Rg1 Rb3+ 36. Kh4 Rxa3 37. Kg4 Ra1 38. Rd1 Kg7 39. Bc2 Rxd1 40. Bxd1 a5 41. Kg3 a4 42. Kf2 a3 43. Bb3 Bd5 44. Ke2 Bxb3 45. Kd2 a2 0-1

[Event "VIE-chT (Women)"]
[Site "Ho Chi Minh City"]
[Date "2017.07.26"]
[Round "5.34"]
[White "Pham, Thi Linh Nham"]
[Black "Nguyen, My Hanh An"]
[Result "1-0"]
[WhiteElo "1911"]
[BlackElo "1507"]
[PlyCount "99"]
[EventDate "2017.07.24"]
[EventType "team-swiss"]
[EventRounds "9"]
[EventCountry "VIE"]
[SourceTitle "EXT 2019"]
[Source "ChessBase"]
[SourceDate "2018.10.10"]
[SourceVersion "1"]
[SourceVersionDate "2018.10.10"]
[SourceQuality "1"]

1. e4 c5 2. Nf3 d6 3. d3 Nc6 4. g3 Bg4 5. Bg2 Nf6 6. Be3 g6 7. Nbd2 Bg7 8. c3 Ne5 9. Qc2 Nxf3+ 10. Nxf3 a6 11. 0-0 0-0 12. h3 Bd7 13. e5 Nd5 14. exd6 exd6 15. Nd2 Nxe3 16. fxe3 Rb8 17. Rae1 Re8 18. Ne4 Bc6 19. Qf2 f5 20. Nd2 Bxg2 21. Qxg2 Kh8 22. e4 fxe4 23. Nxe4 h6 24. Re2 Qe7 25. Rfe1 Qd7 26. g4 Rf8 27. Qg3 Rbd8 28. Rf1 Qe7 29. Rff2 Rfe8 30. Nxd6 Qxe2 31. Rxe2 Rxe2 32. Nf7+ Kh7 33. Nxd8 Rxb2 34. Qc7 Kg8 35. Qxc5 Rb1+ 36. Kg2 Rb2+ 37. Kf3 Rb5 38. Qc4+ Kh8 39. Nxb7 Rb6 40. Nc5 Rf6+ 41. Kg3 Rc6 42. Qd5 Rc8 43. c4 Re8 44. Ne6 Rg8 45. Nxg7 Rxg7 46. c5 Kh7 47. c6 Kh8 48. Qd8+ Rg8 49. Qxg8+ Kxg8 50. c7 1-0

[Event "VIE-ch U09 Girls"]
[Site "Ho Chi Minh City"]
[Date "2014.07.18"]
[Round "9"]
[White "Nguyen, My Hanh An"]
[Black "Ngo, Xuan Quynh"]
[Result "0-1"]
[WhiteElo "1606"]
[BlackElo "1557"]
[PlyCount "78"]
[EventDate "2014.07.13"]
[EventType "swiss"]
[EventRounds "9"]
[EventCountry "VIE"]
[SourceTitle "EXT 2016"]
[Source "ChessBase"]
[SourceDate "2015.10.08"]
[SourceVersion "1"]
[SourceVersionDate "2015.10.08"]
[SourceQuality "1"]

1. e4 e5 2. Bc4 Nc6 3. Nf3 Nd4 4. c3 Nxf3+ 5. Qxf3 Nf6 6. 0-0 d6 7. h3 Be6 8. Bb3 Qd7 9. d3 0-0-0 10. Bg5 Be7 11. Qe3 Kb8 12. Nd2 h6 13. Bxf6 Bxf6 14. Kh1 Bg5 15. Qe2 Bf4 16. Nf3 Bxh3 17. gxh3 Qxh3+ 18. Kg1 g5 19. Rfe1 g4 20. Qf1 Qh5 21. Bxf7 Qxf7 22. Nh2 Qh5 23. Qg2 Rhg8 24. Kh1 g3 25. fxg3 Bxg3 26. Rg1 a6 27. Raf1 Bf4 28. Qf2 Qh3 29. Rxg8 Rxg8 30. Qe2 Rg3 31. Rd1 Re3 32. Qc2 Qh5 33. Qf2 Qxd1+ 34. Nf1 Rf3 35. Qxf3 Qxf3+ 36. Kg1 h5 37. a3 h4 38. a4 h3 39. a5 Qg2# 0-1

[Event "VIE-ch U09 Girls"]
[Site "Ho Chi Minh City"]
[Date "2014.07.16"]
[Round "6"]
[White "Nguyen, My Hanh An"]
[Black "Nguyen, Hong Nhung"]
[Result "0-1"]
[WhiteElo "1606"]
[BlackElo "1563"]
[PlyCount "132"]
[EventDate "2014.07.13"]
[EventType "swiss"]
[EventRounds "9"]
[EventCountry "VIE"]
[SourceTitle "EXT 2016"]
[Source "ChessBase"]
[SourceDate "2015.10.08"]
[SourceVersion "1"]
[SourceVersionDate "2015.10.08"]
[SourceQuality "1"]

1. e4 e5 2. Bc4 Nc6 3. Nf3 Bc5 4. Nc3 Nf6 5. 0-0 0-0 6. d3 h6 7. Be3 Bb6 8. h3 d6 9. d4 exd4 10. Nxd4 Ne5 11. Bb3 Ba5 12. Nce2 Nxe4 13. f3 Nf6 14. f4 Ng6 15. Qd3 Bb6 16. Qxg6 d5 17. Qg3 Ne4 18. Qf3 c5 19. Nb5 c4 20. Bxc4 dxc4 21. Qxe4 Re8 22. Bxb6 Qxb6+ 23. Qd4 Qxb5 24. a4 Qc6 25. Ng3 b6 26. Kh2 Bb7 27. Rf3 Rad8 28. Qc3 Qc5 29. b4 cxb3 30. Qxc5 bxc5 31. Rxb3 Bc6 32. Rc3 Rd2 33. Rg1 Bxa4 34. Rxc5 Bxc2 35. Ra5 Re7 36. Rga1 Rf2 37. f5 a6 38. Rc5 Bd3 39. Rd5 Bb5 40. Rd8+ Kh7 41. Rc8 g6 42. fxg6+ fxg6 43. Rc5 Kg7 44. Kg1 Rd2 45. h4 h5 46. Rg5 Kf6 47. Nf1 Rd4 48. g3 Re5 49. Nh2 Rdd5 50. Nf3 Rxg5 51. hxg5+ Kf5 52. Kg2 Bc6 53. Kh3 Bb5 54. Kg2 a5 55. Kh2 a4 56. Ra3 Rd3 57. Nh4+ Kxg5 58. Rxd3 Bxd3 59. Nf3+ Kf5 60. Nd4+ Ke4 61. Ne6 a3 62. Nc5+ Kd4 63. Ne6+ Kc3 64. Nf4 a2 65. Nd5+ Kb3 66. Nf4 a1Q 0-1